[Event "12. OSIJEK OPEN "]
[Site "Osijek"]
[Date "2019.02.22"]
[Round "3.38"]
[White "Dankos, Mislav"]
[Black "Dragicevic, Ivica"]
[Result "0-1"]
[WhiteElo "1362"]
[BlackElo "1730"]
[PlyCount "66"]
[EventDate "2019.02.21"]

1. e4 c6 2. d4 d5 3. Nc3 dxe4 4. Nxe4 Bf5 5. Nc3 Nf6 6. Nf3 h6 7. h3 e6 8. Bf4
Be7 9. Bd3 Bxd3 10. Qxd3 Nbd7 11. O-O Nd5 12. Bh2 N7f6 13. a3 O-O 14. Rfe1 Rc8
15. Nxd5 cxd5 16. c3 a6 17. Ne5 Ne4 18. Rac1 Bh4 19. Re2 b5 20. g3 Bf6 21. f4
Rc7 22. a4 Qb8 23. b3 Bxe5 24. fxe5 Rfc8 25. Rec2 bxa4 26. bxa4 Qb3 27. Qxa6
Rxc3 28. Qxc8+ Rxc8 29. Rxc8+ Kh7 30. a5 Qe3+ 31. Kh1 Qf3+ 32. Kg1 Nf2 33. a6
Nxh3# 0-1

[Event "12. OSIJEK OPEN "]
[Site "Osijek"]
[Date "2019.02.22"]
[Round "3.39"]
[White "Gnjajic, Blagoja"]
[Black "Zivkovic, Mihael"]
[Result "1-0"]
[WhiteElo "1663"]
[BlackElo "1195"]
[PlyCount "46"]
[EventDate "2019.02.21"]

1. e4 e5 2. Nc3 Nf6 3. d3 h6 4. Nf3 Nc6 5. a3 Bc5 6. h3 d6 7. b4 Bd4 8. Bb2 Be6
9. Nxd4 Nxd4 10. Ne2 O-O 11. Nxd4 exd4 12. Bxd4 Nd7 13. Be2 c5 14. Bc3 b6 15.
O-O Qg5 16. Qd2 Qg6 17. Kh2 Ne5 18. f4 Nc6 19. f5 Qh7 20. fxe6 fxe6 21. Rxf8+
Rxf8 22. Rf1 Qg6 23. Rf3 e5 {dalje je nejasno pisano. Partija zavrsena 49.
potezom bijelog.} 1-0

[Event "12. OSIJEK OPEN "]
[Site "Osijek"]
[Date "2019.02.22"]
[Round "3.40"]
[White "Baturina, Marin"]
[Black "Mandaric, Duje"]
[Result "1-0"]
[WhiteElo "1623"]
[BlackElo "1045"]
[PlyCount "105"]
[EventDate "2019.02.21"]

1. d4 d5 2. c4 e6 3. Nc3 Nf6 4. Bg5 Be7 5. Nf3 b6 6. e3 Bb7 7. cxd5 exd5 8. Bd3
Nbd7 9. O-O Ne4 10. Bxe7 Qxe7 11. Rc1 c5 12. Bb5 O-O 13. Nxe4 dxe4 14. Nd2 cxd4
15. Nb3 d3 16. Rc7 Bc8 17. Bc6 Rb8 18. Rxa7 Qd6 19. Bxe4 Ne5 20. Nd4 Ng4 21.
Nf3 Ne5 22. Nxe5 Qxe5 23. Qxd3 h6 24. Qd4 Qg5 25. Qd5 Qxd5 26. Bxd5 Rd8 27.
Bxf7+ Kh8 28. h3 Rb7 29. Rxb7 Bxb7 30. Rc1 Rd2 31. Bg6 Rxb2 32. Rc7 Ba6 33. Ra7
Bc4 34. Ra8+ Bg8 35. Bf7 Kh7 36. Rxg8 b5 37. Rb8 b4 38. Bb3 Rb1+ 39. Kh2 Rb2
40. Rxb4 Rxf2 41. a4 g5 42. a5 h5 43. Rb7+ Kh6 44. a6 Rf1 45. a7 g4 46. hxg4
hxg4 47. a8=Q Kg5 48. Qg8+ Kf6 49. Qf7+ Kg5 50. Rb5+ Rf5 51. Rxf5+ Kh6 52. Qf6+
Kh7 53. Rh5# 1-0

[Event "12. OSIJEK OPEN "]
[Site "Osijek"]
[Date "2019.02.22"]
[Round "3.42"]
[White "Pergar, Lovro"]
[Black "Juric, Matea"]
[Result "1/2-1/2"]
[WhiteElo "1347"]
[BlackElo "1421"]
[PlyCount "53"]
[EventDate "2019.02.21"]

1. e4 e5 2. Nf3 Nc6 3. Bc4 h6 4. Nc3 Nf6 5. d3 d6 6. h3 Be7 7. O-O O-O 8. Be3
Na5 9. Bb3 Nxb3 10. axb3 a6 11. Ne2 Nh7 12. Ng3 f5 13. exf5 Bxf5 14. d4 e4 15.
Nh2 Bg5 16. Nxf5 Rxf5 17. Qg4 Qf8 18. Qxe4 d5 19. Qd3 Re8 20. Rae1 Bxe3 21.
fxe3 Rxf1+ 22. Rxf1 Qe7 23. Ng4 Rf8 24. Rxf8+ Nxf8 25. Qf5 c6 26. Ne5 Qe6 27.
Qf4 1/2-1/2

[Event "12. OSIJEK OPEN"]
[Site "Osijek"]
[Date "2019.02.22"]
[Round "4.1"]
[White "Sasvari, Zelimir"]
[Black "Ivekovic, Bozidar"]
[Result "0-1"]
[WhiteElo "2215"]
[BlackElo "2369"]
[PlyCount "86"]
[EventDate "2019.02.21"]

1. c4 c5 2. Nc3 Nc6 3. g3 g6 4. Bg2 Bg7 5. a3 e6 6. Rb1 Nge7 7. b4 cxb4 8. axb4
d5 9. cxd5 exd5 10. b5 Ne5 11. Ba3 O-O 12. Bxe7 Qxe7 13. Nxd5 Qd6 14. Ne3 Ng4
15. Nf3 Nxe3 16. dxe3 Bc3+ 17. Kf1 Qb6 18. Qb3 Bg7 19. h4 Be6 20. Qb4 Ba2 21.
Rc1 Rfc8 22. Rxc8+ Rxc8 23. Bh3 Be6 24. Bxe6 Qxe6 25. Kg2 Qa2 26. Qe7 Qd5 27.
e4 Qxb5 28. Ng5 Rf8 29. Rc1 h6 30. Nxf7 Rxf7 31. Qe6 Qa6 32. Rc8+ Bf8 33. Qd5
Qxe2 34. Rc7 Qxf2+ 35. Kh3 Bd6 36. Qxd6 Qf1+ 37. Kg4 Qf3+ 38. Kh3 Qh1+ 39. Kg4
Qxe4+ 40. Kh3 Qh1+ 41. Kg4 Qf3+ 42. Kh3 Qf1+ 43. Kg4 Qf5# 0-1

[Event "12. OSIJEK OPEN"]
[Site "Osijek"]
[Date "2019.02.22"]
[Round "4.2"]
[White "Stocko, Josip"]
[Black "Horvat, David"]
[Result "1-0"]
[WhiteElo "2278"]
[BlackElo "2212"]
[PlyCount "81"]
[EventDate "2019.02.21"]

1. e4 c5 2. Nf3 d6 3. g3 Nf6 4. d3 g6 5. Bg2 Bg7 6. O-O O-O 7. h3 Nc6 8. Re1 e5
9. c3 Re8 10. Na3 h6 11. Bd2 Be6 12. b4 cxb4 13. cxb4 d5 14. b5 Nd4 15. Nxd4
exd4 16. e5 Nd7 17. f4 f6 18. exf6 Nxf6 19. Nc2 Qb6 20. a4 Bf5 21. Nb4 Kh7 22.
g4 Be6 23. Rb1 Rad8 24. Nc2 Rc8 25. Nb4 Rcd8 26. Qf3 Qd6 27. a5 Rc8 28. Re2 Qd7
29. Rbe1 Bf7 30. Rxe8 Rxe8 31. Rxe8 Qxe8 32. g5 hxg5 33. fxg5 Nh5 34. Kf2 Be6
35. Nxd5 Qxb5 36. Nf6+ Bxf6 37. gxf6 Bf7 38. Qxb7 Qf5+ 39. Ke1 Qxf6 40. Qxa7
Kg7 41. Kd1 1-0

[Event "12. OSIJEK OPEN"]
[Site "Osijek"]
[Date "2019.02.22"]
[Round "4.3"]
[White "Jusup, Matej"]
[Black "Grandic, Zvjezdan"]
[Result "1/2-1/2"]
[WhiteElo "2235"]
[BlackElo "2189"]
[PlyCount "98"]
[EventDate "2019.02.21"]

1. d4 e6 2. Nf3 Nf6 3. Bf4 c5 4. e3 Be7 5. Nbd2 O-O 6. c3 b6 7. Bd3 Ba6 8. Bxa6
Nxa6 9. Qe2 Qc8 10. h3 Nc7 11. a4 d6 12. O-O Qa6 13. c4 Nfd5 14. Bg3 Nb4 15.
Ne4 Ne8 16. Nc3 Nf6 17. Nb5 Rad8 18. e4 Qb7 19. d5 e5 20. Nxe5 dxe5 21. Bxe5
Nd7 22. Bh2 a6 23. Nc3 Bf6 24. f4 Bd4+ 25. Kh1 f6 26. Bg1 Rfe8 27. Qd2 Bxc3 28.
bxc3 Rxe4 29. cxb4 Rxc4 30. b5 a5 31. Rfe1 f5 32. d6 Re4 33. Qa2+ Kf8 34. Rad1
Rde8 35. Qf2 Nf6 36. Rxe4 Nxe4 37. Qh4 Nf6 38. Qg5 Qd7 39. Bf2 Ne4 40. Qh4 Qd8
41. d7 Nxf2+ 42. Qxf2 Re4 43. Rd5 g6 44. Qb2 Kf7 45. Qd2 Ke7 46. Qb2 Kf7 47.
Qd2 Ke7 48. Rd6 Re6 49. Rd5 Re4 1/2-1/2

[Event "12. OSIJEK OPEN"]
[Site "Osijek"]
[Date "2019.02.22"]
[Round "4.4"]
[White "Gavran, Marinko"]
[Black "Ljikar, Zoran"]
[Result "0-1"]
[WhiteElo "1998"]
[BlackElo "2200"]
[PlyCount "96"]
[EventDate "2019.02.21"]

1. d4 Nf6 2. c4 e6 3. Nc3 c5 4. d5 exd5 5. cxd5 g6 6. e4 d6 7. f4 Bg7 8. Bb5+
Nfd7 9. a4 O-O 10. Nf3 Na6 11. O-O Nc7 12. Bc4 Nb6 13. Ba2 Bg4 14. h3 Bxf3 15.
Qxf3 Na6 16. Be3 Nb4 17. Rad1 Nxa2 18. Nxa2 Nxa4 19. b3 Nb6 20. e5 dxe5 21.
Bxc5 e4 22. Qxe4 Re8 23. Qd3 Rc8 24. b4 Na4 25. Qb5 Nxc5 26. bxc5 a6 27. Qxb7
Rxc5 28. f5 Rb5 29. Qxa6 Rxd5 30. fxg6 hxg6 31. Rxd5 Qxd5 32. Nc1 Bd4+ 33. Kh1
Re3 34. Qc8+ Kg7 35. Rd1 Qe4 36. Rf1 f5 37. Qd7+ Kh6 38. Kh2 Qe5+ 39. Kh1 Re1
40. Qb5 Qxb5 41. Rxe1 Ba7 42. Rd1 Qe5 43. Rf1 Bb8 44. Kg1 g5 45. Nd3 Qh2+ 46.
Kf2 Qg3+ 47. Ke2 Qxg2+ 48. Nf2 Ba7 0-1

[Event "12. OSIJEK OPEN"]
[Site "Osijek"]
[Date "2019.02.22"]
[Round "4.5"]
[White "Nikic, Patrick"]
[Black "Marjanovic, Annamaria"]
[Result "1-0"]
[WhiteElo "2046"]
[BlackElo "2326"]
[PlyCount "77"]
[EventDate "2019.02.21"]

1. e4 e5 2. Nf3 Nc6 3. Bb5 a6 4. Ba4 Nf6 5. O-O Be7 6. Re1 b5 7. Bb3 d6 8. c3
O-O 9. h3 Nb8 10. d4 Nbd7 11. Nbd2 Bb7 12. Bc2 Re8 13. a4 Bf8 14. Bd3 c6 15. b3
Qc7 16. Qc2 Nh5 17. g3 g6 18. Bb2 Bg7 19. Bf1 Nb6 20. dxe5 dxe5 21. c4 b4 22.
c5 Nd7 23. Nc4 Bf8 24. Rad1 Ng7 25. Nd6 Bxd6 26. Rxd6 Re7 27. Red1 Rae8 28. Qc1
f6 29. Nh2 Kh8 30. Ng4 Rf8 31. f4 Qc8 32. fxe5 fxe5 33. Bc4 Nxc5 34. Qg5 Rfe8
35. Nf6 Qxh3 36. Nxe8 Nxe4 37. Qh4 Qf5 38. Rf1 Nxd6 39. Nxd6 1-0

[Event "12. OSIJEK OPEN"]
[Site "Osijek"]
[Date "2019.02.22"]
[Round "4.6"]
[White "Matota, Dominik"]
[Black "Lalic, Kristijan"]
[Result "0-1"]
[WhiteElo "1503"]
[BlackElo "2191"]
[PlyCount "80"]
[EventDate "2019.02.21"]

1. e4 c5 2. Nf3 Nc6 3. Nc3 g6 4. d4 cxd4 5. Nxd4 Bg7 6. Be3 Nf6 7. Bc4 O-O 8.
O-O Nxe4 9. Nxe4 d5 10. Bb5 Nxd4 11. Bxd4 dxe4 12. Bxg7 Kxg7 13. Qe2 Qb6 14. c4
f5 15. Rac1 a6 16. Ba4 Be6 17. a3 Rfd8 18. b4 Bd7 19. Bb3 Qf6 20. Rfe1 e6 21.
c5 Bc6 22. a4 Rd3 23. Bc4 Rad8 24. Bxd3 exd3 25. Qd2 e5 26. f3 e4 27. fxe4 fxe4
28. b5 axb5 29. axb5 Qd4+ 30. Re3 Bxb5 31. Rb1 Bc6 32. Kh1 Rf8 33. Rh3 h5 34.
Rxh5 e3 35. Rh4 Qxh4 36. Qxe3 Qe4 37. Qg3 Qe2 38. Rg1 Rf1 39. h4 Bxg2+ 40. Kh2
Be4+ 0-1

[Event "12. OSIJEK OPEN"]
[Site "Osijek"]
[Date "2019.02.22"]
[Round "4.7"]
[White "Trbojevic, Mladen"]
[Black "Bevanda, Ema"]
[Result "1-0"]
[WhiteElo "2351"]
[BlackElo "1632"]
[PlyCount "63"]
[EventDate "2019.02.21"]

1. g3 e6 2. Bg2 d5 3. f4 Nf6 4. Nf3 c5 5. O-O Nc6 6. d3 Be7 7. Qe1 Bd7 8. e4
dxe4 9. dxe4 Qb6 10. c3 Rd8 11. Nbd2 a6 12. Nc4 Qa7 13. a4 O-O 14. h3 Qb8 15.
a5 Na7 16. Nb6 Bc6 17. Ne5 Qc7 18. g4 Nd7 19. Nxc6 Nxc6 20. Nc4 e5 21. f5 h6
22. h4 f6 23. Ne3 Qd6 24. Qe2 Qb8 25. Nd5 Bd6 26. g5 fxg5 27. hxg5 hxg5 28.
Bxg5 Rde8 29. Qh5 Ne7 30. f6 g6 31. Nxe7+ Rxe7 32. Qxg6+ 1-0

[Event "12. OSIJEK OPEN"]
[Site "Osijek"]
[Date "2019.02.22"]
[Round "4.8"]
[White "Matanovic, Luka"]
[Black "Vucenovic, Damian"]
[Result "1-0"]
[WhiteElo "2251"]
[BlackElo "1633"]
[PlyCount "145"]
[EventDate "2019.02.21"]

1. e4 e5 2. Nf3 Nc6 3. Bb5 a6 4. Ba4 Nf6 5. O-O Be7 6. Re1 b5 7. Bb3 d6 8. c3
O-O 9. h3 Na5 10. Bc2 c5 11. d4 Qc7 12. d5 Nb7 13. a4 Bd7 14. Nbd2 c4 15. Nf1
Nc5 16. N3d2 Rfb8 17. Ne3 Bf8 18. Qf3 Qd8 19. a5 g6 20. b4 cxb3 21. Nxb3 Nxb3
22. Bxb3 Rc8 23. Nc2 Bg7 24. Ba3 Qe7 25. Bb4 Nh5 26. Ne3 Nf4 27. Red1 Rf8 28.
c4 f5 29. exf5 Bxf5 30. Nxf5 Rxf5 31. c5 e4 32. cxd6 Qd7 33. Qxe4 Re8 34. Qc2
Bxa1 35. Qc6 Rd8 36. Rxa1 Rg5 37. Qxd7 Rxd7 38. g3 Ne2+ 39. Kg2 Nf4+ 40. Kf1
Nd3 41. Bd2 Rf5 42. f4 Rff7 43. Ke2 Nc5 44. Ba2 Ne4 45. Be1 Nxd6 46. Kd3 h6 47.
Bb4 Kh7 48. Rc1 Nc4 49. Bxc4 bxc4+ 50. Kd4 Rc7 51. Bc5 g5 52. fxg5 hxg5 53.
Rxc4 Kg6 54. Rb4 Rb7 55. Bb6 Rf3 56. d6 Rxg3 57. Kd5 Rc3 58. Ke6 Re3+ 59. Bxe3
Rxb4 60. Bb6 Re4+ 61. Kd5 Kf5 62. d7 Re5+ 63. Kd4 Re4+ 64. Kd3 Rh4 65. d8=Q
Rxh3+ 66. Ke2 g4 67. Qd7+ Kg5 68. Be3+ Kh4 69. Qh7+ Kg3 70. Bf2+ Kg2 71. Qe4+
Rf3 72. Qxg4+ Kh2 73. Kxf3 1-0

[Event "12. OSIJEK OPEN"]
[Site "Osijek"]
[Date "2019.02.22"]
[Round "4.9"]
[White "Tomasic, Roland"]
[Black "Vurdelja, Slavko"]
[Result "1/2-1/2"]
[WhiteElo "2166"]
[BlackElo "1840"]
[PlyCount "203"]
[EventDate "2019.02.21"]

1. e4 e5 2. Nf3 Nc6 3. Bb5 a6 4. Ba4 Nf6 5. O-O b5 6. Bb3 Be7 7. Qe2 d6 8. c3
O-O 9. Rd1 Bg4 10. h3 Bh5 11. d3 Na5 12. Bc2 c5 13. Nbd2 Qc7 14. Nf1 Nc6 15.
Ne3 Rfe8 16. g4 Bg6 17. h4 h5 18. g5 Nd7 19. Bb3 Nb6 20. Nh2 a5 21. Nhf1 a4 22.
Nd5 Nxd5 23. Bxd5 Rac8 24. Ng3 Qd7 25. Kg2 Bf8 26. Bxc6 Rxc6 27. Nxh5 Bxh5 28.
Qxh5 g6 29. Qf3 Rd8 30. c4 bxc4 31. dxc4 Qe6 32. b3 Rb6 33. Rd3 Rdb8 34. Bd2
Ra6 35. Rh1 Bg7 36. h5 gxh5 37. Qxh5 Qg6 38. Qg4 axb3 39. axb3 Ra3 40. Rb1 Bf8
41. Rh3 Bg7 42. Rd3 Ra6 43. b4 cxb4 44. Rxb4 Raa8 45. Qf5 Bf8 46. Qxg6+ fxg6
47. Rd5 Kf7 48. Rxb8 Rxb8 49. c5 Ke6 50. Be3 Be7 51. Kf3 dxc5 52. Bxc5 Bxg5 53.
Rd6+ Kf7 54. Rd7+ Kg8 55. Kg4 Bf4 56. Re7 Rb3 57. Bd6 Rb5 58. Rd7 Rb2 59. Bc5
Rb3 60. Be7 Rb2 61. Bh4 Re2 62. Kf3 Rd2 63. Ra7 Rd3+ 64. Kg4 Rd2 65. Bg3 Rd4
66. f3 Bxg3 67. Kxg3 Rd1 68. Re7 Rg1+ 69. Kh4 Rf1 70. Kg5 Rxf3 71. Kxg6 Kf8 72.
Rxe5 Rg3+ 73. Kf6 Rf3+ 74. Ke6 Re3 75. Kd7 Kf7 76. Re6 Rd3+ 77. Rd6 Re3 78. Rd4
Re1 79. Kd6 Kf6 80. Kd5 Ra1 81. Rb4 Rd1+ 82. Rd4 Ra1 83. e5+ Ke7 84. Rd3 Re1
85. Rf3 Re2 86. Rh3 Rd2+ 87. Ke4 Re2+ 88. Kf4 Rf2+ 89. Ke3 Rf1 90. Rh6 Kd7 91.
Ke4 Re1+ 92. Kd5 Rd1+ 93. Ke4 Re1+ 94. Kf5 Rf1+ 95. Kg5 Ke7 96. Rf6 Rxf6 97.
exf6+ Kf7 98. Kf5 Kf8 99. Kf4 Ke8 100. Kg5 Kf7 101. Kf5 Kf8 102. f7 1/2-1/2

[Event "12. OSIJEK OPEN"]
[Site "Osijek"]
[Date "2019.02.22"]
[Round "4.10"]
[White "Cvijanovic, Srecko"]
[Black "Cajzler, Hinko"]
[Result "0-1"]
[WhiteElo "1841"]
[BlackElo "2118"]
[PlyCount "130"]
[EventDate "2019.02.21"]

1. e4 c5 2. Nc3 Nc6 3. f4 g6 4. Nf3 Bg7 5. Bc4 e6 6. O-O a6 7. a4 Nge7 8. d3 d6
9. Ne2 d5 10. Bb3 Rb8 11. c3 b5 12. axb5 axb5 13. Qe1 O-O 14. Qh4 dxe4 15. dxe4
c4 16. Bc2 b4 17. e5 Qb6+ 18. Kh1 Bb7 19. Ng5 h6 20. Ne4 Nf5 21. Qh3 Qd8 22.
Nc5 Qd5 23. Nxb7 Rxb7 24. Rd1 Qc5 25. Ng3 Qf2 26. Be4 Rd7 27. Rg1 Nce7 28. Nxf5
exf5 29. Qf3 Qxf3 30. Bxf3 bxc3 31. bxc3 Rfd8 32. Ra4 Rc8 33. Rd1 Rxd1+ 34.
Bxd1 Nd5 35. Bd2 Rd8 36. Be2 Nb6 37. Ra2 Bf8 38. g3 Bc5 39. Kg2 Kf8 40. Bc1 Rc8
41. Ba3 Bxa3 42. Rxa3 Nd5 43. Kf2 Rc7 44. Ke1 g5 45. Bf3 Ne7 46. Ra4 gxf4 47.
gxf4 Ng6 48. Bd5 Nxf4 49. Rxc4 Nxd5 50. Rh4 Rxc3 51. Rxh6 Kg7 52. Rh4 Re3+ 53.
Kf2 Rxe5 54. Ra4 Re4 55. Ra5 Ne7 56. Kf3 Rh4 57. Kg3 Rg4+ 58. Kf3 Rb4 59. Ra6
Ng6 60. Kg3 Rb3+ 61. Kf2 f4 62. Ra4 Rb2+ 63. Kf1 Kh6 64. Ra8 Nh4 65. h3 f5 0-1

[Event "12. OSIJEK OPEN"]
[Site "Osijek"]
[Date "2019.02.22"]
[Round "4.11"]
[White "Dabic, Stjepan"]
[Black "Biljcevic, Miodrag"]
[Result "1-0"]
[WhiteElo "2003"]
[BlackElo "1725"]
[PlyCount "101"]
[EventDate "2019.02.21"]

1. d4 d5 2. c4 dxc4 3. Nf3 Nf6 4. e3 Bg4 5. Bxc4 e6 6. Qb3 Bxf3 7. gxf3 Qc8 8.
Nc3 c6 9. a4 a5 10. e4 Bb4 11. Rg1 Kf8 12. Ke2 Qc7 13. Be3 Nbd7 14. Rac1 Nb6
15. e5 Ne8 16. Bd3 Bxc3 17. bxc3 Nd5 18. Be4 Nxe3 19. fxe3 Rb8 20. c4 g6 21.
Rb1 Kg7 22. Qb6 c5 23. Qxc7 Nxc7 24. Bxb7 Rhd8 25. dxc5 f6 26. f4 fxe5 27. fxe5
Kf7 28. Be4 Rb4 29. Rxb4 axb4 30. Bb7 Ke7 31. a5 Rf8 32. a6 Rf5 33. a7 Rxe5 34.
a8=Q Nxa8 35. Bxa8 Rxc5 36. Kd3 Ra5 37. Be4 Kd6 38. h4 Ra3+ 39. Ke2 Kc5 40. Bd3
Ra2+ 41. Kf3 Rh2 42. Rg5+ Kd6 43. c5+ Kc7 44. Rg4 Kc6 45. Rc4 b3 46. Be4+ Kc7
47. Rb4 Rxh4 48. Rxb3 g5 49. Rb7+ Kc8 50. Rxh7 Rxh7 51. Bxh7 1-0

[Event "12. OSIJEK OPEN"]
[Site "Osijek"]
[Date "2019.02.22"]
[Round "4.12"]
[White "Horvat, Damjan"]
[Black "Damjanovic, Stjepan"]
[Result "1/2-1/2"]
[WhiteElo "2056"]
[BlackElo "1698"]
[PlyCount "76"]
[EventDate "2019.02.21"]

1. b3 d5 2. Bb2 Nf6 3. Nf3 e6 4. g3 b6 5. Bg2 Bb7 6. O-O Be7 7. c4 O-O 8. cxd5
exd5 9. d4 Nbd7 10. Nc3 Ne4 11. Rc1 c5 12. e3 Ndf6 13. Ne5 cxd4 14. Qxd4 Bc5
15. Qd3 Re8 16. Nf3 Nxf2 17. Rxf2 Bxe3 18. Re1 Ng4 19. Rxe3 Nxe3 20. Nd4 Nxg2
21. Kxg2 Qg5 22. Ncb5 Rad8 23. Qf3 Qg6 24. Nf5 Bc6 25. Nbd4 Ba8 26. Qf4 f6 27.
Rc2 Rd7 28. Rc7 Rxc7 29. Qxc7 Qg4 30. Qd7 Re2+ 31. Nxe2 Qxe2+ 32. Kh3 Qf1+ 33.
Kg4 Qe2+ 34. Kh3 Qf1+ 35. Kg4 Qe2+ 36. Kh3 Qf1+ 37. Kh4 g5+ 38. Kg4 Qe2+
1/2-1/2

[Event "12. OSIJEK OPEN"]
[Site "Osijek"]
[Date "2019.02.22"]
[Round "4.13"]
[White "Cupic, Tvrtko"]
[Black "Radikovic, Anamarija"]
[Result "0-1"]
[WhiteElo "1690"]
[BlackElo "1921"]
[PlyCount "58"]
[EventDate "2019.02.21"]

1. e4 c5 2. Nf3 d6 3. d4 cxd4 4. Nxd4 Nf6 5. Nc3 a6 6. f3 e5 7. Nb3 Be6 8. Be3
Be7 9. Qd2 Nbd7 10. O-O-O b5 11. g4 Nb6 12. Kb1 b4 13. Qf2 bxc3 14. Bxb6 Qc8
15. bxc3 Bxg4 16. fxg4 Nxe4 17. Qf3 Nxc3+ 18. Kb2 Nxd1+ 19. Qxd1 Qc6 20. Be3
O-O 21. Be2 Rfc8 22. Bd2 d5 23. Re1 e4 24. g5 a5 25. Bg4 Rc7 26. Bxa5 Rxa5 27.
Nxa5 Qc3+ 28. Kb1 Ba3 29. Nc4 Rb7+ 0-1

[Event "12. OSIJEK OPEN"]
[Site "Osijek"]
[Date "2019.02.22"]
[Round "4.14"]
[White "Jurakic, Lukas"]
[Black "Colev, Ivor"]
[Result "1-0"]
[WhiteElo "1880"]
[BlackElo "1573"]
[PlyCount "53"]
[EventDate "2019.02.21"]

1. e4 c5 2. Nf3 d6 3. d4 cxd4 4. Nxd4 Nf6 5. Nc3 e6 6. g4 Nc6 7. g5 Nd7 8. h4
Be7 9. Rg1 Nde5 10. Be2 O-O 11. Be3 Nxd4 12. Bxd4 Nc6 13. Be3 a6 14. f4 b5 15.
Bf3 b4 16. Ne2 Bb7 17. b3 Qa5 18. h5 Rfc8 19. g6 Bf6 20. gxf7+ Kxf7 21. e5 Bh4+
22. Kf1 d5 23. Qd3 Kg8 24. h6 g6 25. Rxg6+ Kf8 26. Rg7 Be7 27. Bh5 1-0

[Event "12. OSIJEK OPEN"]
[Site "Osijek"]
[Date "2019.02.22"]
[Round "4.15"]
[White "Ronta, Ivan"]
[Black "Muha, Magdalena"]
[Result "0-1"]
[WhiteElo "1717"]
[BlackElo "1754"]
[PlyCount "103"]
[EventDate "2019.02.21"]

1. e4 e6 2. d4 d5 3. exd5 exd5 4. c4 Nf6 5. Nc3 Be7 6. Bd3 O-O 7. Nge2 c6 8.
O-O Bg4 9. f3 Bh5 10. Nf4 Bg6 11. Nxg6 hxg6 12. c5 Qc7 13. Re1 Nh5 14. Be3 Bh4
15. g3 Nxg3 16. Bf2 Nf5 17. Bxh4 Nxh4 18. Qe2 Qf4 19. Rf1 Qxd4+ 20. Kh1 Qxc5
21. Rac1 Qd6 22. Qf2 Qf6 23. Qg3 Nd7 24. f4 Rae8 25. Nd1 Nf5 26. Bxf5 Qxf5 27.
Ne3 Qe4+ 28. Rf3 Nf6 29. f5 Nh5 30. Qf2 d4 31. Nc2 c5 32. Re1 Qc6 33. Rg1 gxf5
34. Rg5 g6 35. Kg1 Re4 36. Rfxf5 Ng7 37. Rf6 Qd7 38. Rgxg6 Rg4+ 39. Rxg4 Qxg4+
40. Kh1 d3 41. Ne3 Qd4 42. Rf4 Qd7 43. Ng4 Nh5 44. Nf6+ Nxf6 45. Rxf6 Qd5+ 46.
Kg1 Qg5+ 47. Kf1 d2 48. Rd6 Rd8 49. Rxd8+ Qxd8 50. Qg3+ Kf8 51. Qh4 Qxh4 52.
Ke2 0-1

[Event "12. OSIJEK OPEN"]
[Site "Osijek"]
[Date "2019.02.22"]
[Round "4.16"]
[White "Matanovic, Pavo"]
[Black "Grguric, Stjepan-Kresimir"]
[Result "0-1"]
[WhiteElo "1816"]
[BlackElo "2113"]
[PlyCount "70"]
[EventDate "2019.02.21"]

1. e4 c6 2. d4 d5 3. exd5 cxd5 4. c3 Nc6 5. Bf4 Nf6 6. Nf3 e6 7. Nbd2 Bd6 8.
Bxd6 Qxd6 9. Be2 O-O 10. O-O Bd7 11. Re1 a6 12. a4 Ne7 13. Ne5 Ng6 14. Ndf3 Nf4
15. Bf1 Ne4 16. g3 Ng6 17. Nd3 b5 18. axb5 Bxb5 19. Nd2 f5 20. Nxe4 fxe4 21.
Nc5 Bxf1 22. Rxf1 Rf3 23. Qd2 Ne7 24. b4 Nf5 25. b5 a5 26. Na4 h5 27. b6 Rb8
28. Rab1 h4 29. Qg5 Qc6 30. Qg6 Ne7 31. Qg4 Qxa4 32. Qxe6+ Kf8 33. Qe5 Rb7 34.
Ra1 Qc6 35. Rxa5 Rf5 0-1

[Event "12. OSIJEK OPEN"]
[Site "Osijek"]
[Date "2019.02.22"]
[Round "4.17"]
[White "Ljubicic, Ninoslav"]
[Black "Cubelic, Milan"]
[Result "1/2-1/2"]
[WhiteElo "1770"]
[BlackElo "2108"]
[PlyCount "56"]
[EventDate "2019.02.21"]

1. e4 c5 2. Nf3 d6 3. Bb5+ Nc6 4. h3 Bd7 5. O-O g6 6. d4 cxd4 7. Nxd4 Bg7 8.
Nxc6 bxc6 9. Bc4 Nf6 10. Nc3 O-O 11. Be3 Qc7 12. Rb1 Rad8 13. Bb3 Bc8 14. Qd2
Bb7 15. Bh6 d5 16. exd5 cxd5 17. Bxg7 Kxg7 18. Ne2 Ba6 19. Rfe1 Bxe2 20. Qxe2
e6 21. f3 Ne8 22. c3 Kg8 23. Rbd1 Ng7 24. Qf2 Nf5 25. g4 Nd6 26. Rd4 a5 27. Kg2
Rb8 28. Qe3 Rfc8 {oba igrača su nečitko pisali} 1/2-1/2

[Event "12. OSIJEK OPEN"]
[Site "Osijek"]
[Date "2019.02.22"]
[Round "4.18"]
[White "Kovacevic, Srecko"]
[Black "Mikic, Ivana"]
[Result "1-0"]
[WhiteElo "2068"]
[BlackElo "1843"]
[PlyCount "89"]
[EventDate "2019.02.21"]

1. d4 Nf6 2. Nf3 e6 3. Bf4 b6 4. e3 Bb7 5. Bd3 d5 6. O-O c5 7. c3 Bd6 8. Ne5
O-O 9. Nd2 Nc6 10. Nxc6 Bxc6 11. Bg5 Be7 12. Qf3 Nd7 13. Qh3 f5 14. Bxe7 Qxe7
15. f4 Nf6 16. Nf3 Ng4 17. Rae1 c4 18. Bc2 b5 19. a3 a5 20. Qg3 b4 21. axb4
axb4 22. h3 Nf6 23. Ne5 Ba4 24. Bxa4 Ne4 25. Qh2 Rxa4 26. Nc6 Qb7 27. Nxb4 Rxb4
28. cxb4 Qxb4 29. Re2 Nd2 30. Rd1 Ne4 31. Ra1 Rb8 32. g4 Qb3 33. Kh1 c3 34.
bxc3 Nxc3 35. Ree1 Ne4 36. Rac1 Qa3 37. Qc2 h6 38. gxf5 Rb2 39. Qc8+ Kh7 40.
Rc2 Qb4 41. Rg1 Rxc2 42. Qxc2 exf5 43. Qg2 Qe7 44. Qg6+ Kh8 45. Qxf5 1-0

[Event "12. OSIJEK OPEN"]
[Site "Osijek"]
[Date "2019.02.22"]
[Round "4.19"]
[White "Ivekovic, Zvjezdana"]
[Black "Marjanovic, Gyorgy"]
[Result "0-1"]
[WhiteElo "1703"]
[BlackElo "2004"]
[PlyCount "110"]
[EventDate "2019.02.21"]

1. d4 d5 2. c4 e6 3. Nf3 Nf6 4. g3 Bb4+ 5. Bd2 Be7 6. Bg2 O-O 7. cxd5 exd5 8.
Nc3 c6 9. O-O Nbd7 10. Qc2 Re8 11. Rfe1 Bd6 12. e4 dxe4 13. Nxe4 Nxe4 14. Rxe4
Rxe4 15. Qxe4 Nf8 16. Re1 Be6 17. b3 Be7 18. Bc3 Bf6 19. Qe3 Bd5 20. Nd2 Bxg2
21. Kxg2 Ne6 22. Nf3 h6 23. Ne5 Qd5+ 24. Kg1 Rd8 25. Qe4 Nxd4 26. Bxd4 Qxd4 27.
Qxd4 Rxd4 28. Nc4 Kf8 29. Na5 Rd7 30. Re2 c5 31. Re4 b6 32. Nc4 Re7 33. Rf4 Re6
34. Ne3 Bg5 35. Ra4 Bxe3 36. fxe3 a5 37. Kf2 Ke7 38. Rg4 g6 39. a3 f5 40. Rc4
Re4 41. Rc3 a4 42. Ke2 Kd7 43. bxa4 Rxa4 44. Kd3 Kc6 45. Kc2 b5 46. Rd3 Ra7 47.
Kc1 Rd7 48. Rb3 c4 49. Rc3 Kc5 50. Kc2 b4 51. axb4+ Kxb4 52. h3 Ra7 53. Kd2
Ra2+ 54. Rc2 Rxc2+ 55. Kxc2 h5 0-1

[Event "12. OSIJEK OPEN"]
[Site "Osijek"]
[Date "2019.02.22"]
[Round "4.20"]
[White "Ascic, Matos"]
[Black "Mandic, Bojan"]
[Result "0-1"]
[WhiteElo "1707"]
[BlackElo "2003"]
[PlyCount "44"]
[EventDate "2019.02.21"]

1. Nf3 d5 2. d4 Bf5 3. Nh4 Bd7 4. Nf3 Nf6 5. c3 Nc6 6. Bf4 Nh5 7. e3 Nxf4 8.
exf4 e6 9. Bd3 Bd6 10. g3 Qe7 11. a4 a5 12. Nbd2 h5 13. Nh4 O-O-O 14. Ndf3 Rh6
15. Qe2 f6 16. O-O g5 17. fxg5 fxg5 18. Qe3 Rg8 19. Ng2 Qf6 20. Rfe1 h4 21. Re2
h3 22. Nge1 Bf4 0-1

[Event "12. OSIJEK OPEN"]
[Site "Osijek"]
[Date "2019.02.22"]
[Round "4.21"]
[White "Dubrovic, Mihovil"]
[Black "Maroslavac, Ivana"]
[Result "0-1"]
[WhiteElo "1916"]
[BlackElo "1695"]
[PlyCount "142"]
[EventDate "2019.02.21"]

1. e4 e5 2. Nf3 Nc6 3. Bc4 Bc5 4. c3 Nf6 5. d3 h6 6. h3 d6 7. b4 Bb6 8. Qe2 a6
9. Nbd2 O-O 10. O-O Re8 11. Bb2 Be6 12. Bxe6 Rxe6 13. Rad1 Qd7 14. Rfe1 Rae8
15. Nf1 R6e7 16. Ng3 g6 17. Bc1 Kg7 18. Nh4 Kh7 19. Qd2 Ng8 20. Kh1 Qe6 21. Nf3
d5 22. Nh2 h5 23. Nf3 f6 24. exd5 Qxd5 25. Ne4 Kg7 26. Nxf6 Kxf6 27. c4 Qd7 28.
c5 Ba7 29. Qc3 Kg7 30. Bb2 Qf5 31. d4 exd4 32. Rxe7+ Rxe7 33. Nxd4 Nxd4 34.
Rxd4 Qe5 35. Rd8 Qxc3 36. Bxc3+ Kf7 37. Ra8 Bxc5 38. bxc5 Rd7 39. c6 bxc6 40.
Rxa6 Ne7 41. Kh2 Ke6 42. Bb4 Kd5 43. Bxe7 Rxe7 44. a4 Re8 45. Kg3 Kc5 46. Kf4
Rf8+ 47. Kg5 Rxf2 48. Kxg6 Rxg2+ 49. Kxh5 Rg8 50. h4 Kd6 51. Kh6 Rh8+ 52. Kg5
Rg8+ 53. Kh5 Rh8+ 54. Kg4 Rg8+ 55. Kh3 Rh8 56. Kg3 Rg8+ 57. Kf4 Rh8 58. Kg4
Rg8+ 59. Kh3 Rh8 60. Ra5 c5 61. Ra6+ c6 62. Ra7 c4 63. Rg7 Kc5 64. Rg5+ Kb4 65.
a5 c5 66. a6 c3 67. Rg1 c2 68. a7 Ra8 69. Kg3 Kb3 70. h5 Rxa7 71. Kf3 Kb2 0-1